MARC details
| 000 -LEADER |
| fixed length control field |
01315nam a2200361 a 4500 |
| 001 - CONTROL NUMBER |
| control field |
200442150 |
| 003 - CONTROL NUMBER IDENTIFIER |
| control field |
TR-AnTOB |
| 005 - DATE AND TIME OF LATEST TRANSACTION |
| control field |
20260106135920.0 |
| 007 - PHYSICAL DESCRIPTION FIXED FIELD--GENERAL INFORMATION |
| fixed length control field |
ta |
| 008 - FIXED-LENGTH DATA ELEMENTS--GENERAL INFORMATION |
| fixed length control field |
191129s2019 tu b 001 0 tur d |
| 020 ## - INTERNATIONAL STANDARD BOOK NUMBER |
| International Standard Book Number |
9786058287235 |
| 040 ## - CATALOGING SOURCE |
| Original cataloging agency |
GAZIU |
| Language of cataloging |
eng |
| Description conventions |
rda |
| Transcribing agency |
GAZIU |
| Modifying agency |
TR-AnTOB |
| 041 ## - LANGUAGE CODE |
| Language code of text/sound track or separate title |
Türkçe |
| -- |
Osmanlıca |
| 060 10 - NATIONAL LIBRARY OF MEDICINE CALL NUMBER |
| Classification number |
QV 766 |
| Item number |
A315m 2019 |
| 096 ## - LOCALLY ASSIGNED NLM-TYPE CALL NUMBER (OCLC) |
| Classification number |
QV766 |
| Item number |
A315m 2019 |
| 100 0# - MAIN ENTRY--PERSONAL NAME |
| Personal name |
Akşemseddin, |
| Dates associated with a name |
1389 or 1390-1459 |
| 9 (RLIN) |
131564 |
| 245 10 - TITLE STATEMENT |
| Title |
Maddetü'l-hayat (yaşam kaynağı) : |
| Remainder of title |
bitkisel tedavi yöntemleri / |
| Statement of responsibility, etc. |
Muhammed Bin Hamza Akşemseddin ; tahkik-tedkik-neşr Mehmet Sait Toprak. |
| 246 30 - VARYING FORM OF TITLE |
| Title proper/short title |
Bitkisel tedavi yöntemleri. |
| 250 ## - EDITION STATEMENT |
| Edition statement |
Birinci Basım. |
| 264 #1 - PRODUCTION, PUBLICATION, DISTRIBUTION, MANUFACTURE, AND COPYRIGHT NOTICE |
| Place of production, publication, distribution, manufacture |
Ankara : |
| Name of producer, publisher, distributor, manufacturer |
Sağlık Bilimleri Üniversitesi, |
| Date of production, publication, distribution, manufacture, or copyright notice |
2019. |
| 300 ## - PHYSICAL DESCRIPTION |
| Extent |
xxv, 118 pages ; |
| Other physical details |
facsimiles |
| Dimensions |
24 cm. |
| 336 ## - CONTENT TYPE |
| Content type term |
text |
| Content type code |
txt |
| Source |
rdacontent |
| 337 ## - MEDIA TYPE |
| Media type term |
unmediated |
| Media type code |
n |
| Source |
rdamedia |
| 338 ## - CARRIER TYPE |
| Carrier type term |
volume |
| Carrier type code |
nc |
| Source |
rdacarrier |
| 504 ## - BIBLIOGRAPHY, ETC. NOTE |
| Bibliography, etc. note |
|
| 600 00 - SUBJECT ADDED ENTRY--PERSONAL NAME |
| Personal name |
Akşemseddin, |
| Dates associated with a name |
1389 or 1390-1459 |
| 9 (RLIN) |
131564 |
| 650 10 - SUBJECT ADDED ENTRY--TOPICAL TERM |
| Topical term or geographic name entry element |
Plants, Medicinal |
| 9 (RLIN) |
120565 |
|
| Topical term or geographic name entry element |
Phytotherapy |
| 9 (RLIN) |
131565 |
| 700 1# - ADDED ENTRY--PERSONAL NAME |
| Personal name |
Toprak, Mehmet Sait |
| 9 (RLIN) |
78925 |
| 942 ## - ADDED ENTRY ELEMENTS (KOHA) |
| Source of classification or shelving scheme |
National Library of Medicine |
| Koha item type |
Book |
| 947 ## - LOCAL PROCESSING INFORMATION (OCLC) |
| a |
114579769 |
| b |
32357213 |
| c |
39 |
| d |
540 |
| e |
Gazi Universitesi Kutuphanelerleri |
| f |
Gazi - Merkez |
| g |
2021-05-03 11:17:18 |